00424 2200157 4500001002100000005001500021008004100036020002200077035001900099082000800118090001400126100001900140245004700159260003000206300003000236INLIS00000000000812820241224113608241224||||||||| | ||| |||| ||  a978-979-066-856-0 0010-12240081280 a813 a813 NEL k0 aNelfi Syafrina00aKania's Dream : Rahasia Unik Bekicot Lezat aBandungbDar! Mizanc2012 a196 hlm.; ilust.; 19,5 cm